| 000 | 01074nam a2200313 a 4500 | ||
|---|---|---|---|
| 001 | 1983612 | ||
| 003 | ARRUPE | ||
| 005 | 20160830113502.0 | ||
| 008 | 891010s1989 kyua b 000 0aeng d | ||
| 010 | _a 89081449 | ||
| 020 | _a0917851145 | ||
| 035 | _a(OCoLC)21218444 | ||
| 040 |
_aWHi _cDLC _dDLC |
||
| 042 | _alccopycat | ||
| 050 | 0 | 4 |
_aPN1992.6 _b.W46 1990 |
| 100 | 1 |
_aWildmon, Donald E. _925549 |
|
| 245 | 1 | 0 |
_aDon Wildmon : _bthe man the networks love to hate / _cby Donald E. Wildmon with Randall Nulton. |
| 250 | _a1st ed. | ||
| 260 |
_aWilmore, KY : _bBristol Books, _cc1990. |
||
| 300 |
_a223 p.; _bill. ; _c22 cm. |
||
| 504 | _aIncludes bibliographical references. | ||
| 600 | 1 | 0 |
_aWildmon, Donald E. _925549 |
| 650 | 0 |
_aMass media _xMoral and ethical aspects. _91485 |
|
| 650 | 0 |
_aTelevision broadcasting _xMoral and ethical aspects. _925550 |
|
| 700 | 1 |
_aNulton, Randall. _925551 |
|
| 906 |
_a7 _bcbc _ccopycat _d3 _eopcn _f19 _gy-gencatlg |
||
| 942 |
_2lcc _cMONOGRAPH |
||
| 999 |
_c125160 _d125160 |
||